书目信息 |
| 题名: |
射线的探测
|
|
| 作者: | 毛裕芳 著 | |
| 分册: | ||
| 出版信息: | 北京 原子能出版社 1981.12 |
|
| 页数: | 97页 | |
| 开本: | 19cm | |
| 丛书名: | ||
| 单 册: | ||
| 中图分类: | TL81 | |
| 科图分类: | ||
| 主题词: | 辐射探测--核技术 , 辐射探测器(电离辐射) | |
| 电子资源: | ||
| ISBN: | ||
| 000 | 00526nam0 2200193 45 | |
| 001 | 0181013449 | |
| 005 | 20060518165005.03 | |
| 010 | @dCNY0.42 | |
| 100 | @a20810111d km y0chiy0120 ea | |
| 101 | 0 | @achi |
| 200 | 1 | @a射线的探测@Ashe xian de tan ce@f毛裕芳著@Fmao yu fang zhu |
| 210 | @a北京@c原子能出版社@d1981.12 | |
| 215 | @a97页@d19cm | |
| 606 | 0 | @a辐射探测@x核技术 |
| 606 | 0 | @a辐射探测器(电离辐射) |
| 690 | @aTL81 | |
| 701 | 0 | @a毛裕芳@Amao yu fang@4著 |
| 801 | @aCN@bTSTC@c20060518 | |
| 905 | @dTL81@e2@f3@b73714-16 | |
| 射线的探测/毛裕芳著.-北京:原子能出版社,1981.12 |
| 97页;19cm |
| ISBN :CNY0.42 |
| ● |
| 相关链接 |
|
|
|
|
正题名:射线的探测
索取号:TL81/2
 
预约/预借
| 序号 | 登录号 | 条形码 | 馆藏地/架位号 | 状态 | 备注 |
| 1 | 0073714 | 202363977 | 密集书库/ [索取号:TL81/2] | 在馆 | |
| 2 | 0073715 | 202363968 | 密集书库/ [索取号:TL81/2] | 在馆 | |
| 3 | 0073716 | 202364002 | 密集书库/ [索取号:TL81/2] | 在馆 |